000 00374 a2200169 4500
001 190265
020 _a85-7666-813-0
040 _cMagnum
100 _aSouza, Shirley
240 1 0 _aMeu planeta, minha casa
_lpor
245 1 0 _aMeu planeta, minha casa
300 _a96
362 0 _a2006
440 1 _aEscala Educacional
697 _aLITERATURA JUVENIL
942 _cBK
999 _c190265
_d190265